Περί τρομοκρατίας ψυχο-λόγος
Αποθηκεύτηκε σε:
| Άλλοι συγγραφείς: | , , |
|---|---|
| Μορφή: | Βιβλίο |
| Γλώσσα: | Greek |
| Δημοσίευση: |
Αθήνα :
Πεδίο,
2009.
|
| Σειρά: | (Κοινωνική ψυχολογία)
|
| Θέματα: | |
| Ετικέτες: |
Προσθήκη ετικέτας
Δεν υπάρχουν, Καταχωρήστε ετικέτα πρώτοι!
|
MARC
| LEADER | 00000nam a2200000 a 4500 | ||
|---|---|---|---|
| 001 | 1/110727 | ||
| 008 | 160513s2009####gr | ||| |||| ||gre|| | ||
| 020 | |a 9789609874489 | ||
| 040 | |a GR-MyUa |b gre |c GR-MyUa |e AACR2 | ||
| 041 | 0 | |a gre | |
| 082 | 7 | |a 303.6 |2 (23) | |
| 245 | 1 | 0 | |a Περί τρομοκρατίας ψυχο-λόγος / |c επιστημονική επιμέλεια: Στάμος Παπαστάμου, Γεράσιμος Προδρομίτης; μετάφραση αγγλικών κειμένων: Χριστίνα Σταυρινάδη. |
| 260 | |a Αθήνα : |b Πεδίο, |c 2009. | ||
| 300 | |a 495 σ. ; |c 23 εκ. | ||
| 490 | 1 | |a (Κοινωνική ψυχολογία) | |
| 650 | 0 | |a Terrorism. | |
| 700 | 1 | |a Παπαστάμου, Στάμος, |d 1952- |e edt | |
| 700 | 1 | |a Προδρομίτης, Γεράσιμος, |e edt | |
| 700 | 1 | |a Σταυρινάδη, Χριστίνα. |e trlf | |
| 852 | |a INST |b LESVOS |c EUDOXUS |e 20160513 |h 303.6 ΠΕΡ |p 005100057609 |q 005100057609 |t EDX |y 0 | ||
| 920 | |a Εύδοξος |b Παραγγελία |y Λέσβος-ΤΚ |z 2016-04 | ||
| 970 | |a Καμάτσου |b Δέσποινα |z 13-05-2016 | ||